000 00626nam a2200277Ia 4500
005 20260324125009.0
008 008 260324s9999 xx 000 0 eng d
020 _a9780203884478
037 _aEBOOK
040 _aCRL
040 _beng
040 _cCRL
041 _2eng
041 _aeng
084 _qCRL
100 _aJames Wierzbicki
_91097436
245 0 _aFilm Music: A History
260 _bTaylor and Francis
260 _c2009
365 _a
365 _b230
856 _uhttp://www.taylorfrancis.com/books/9780203884478
942 _cEBOOK
999 _c1771178
_d1771178